5HLuxD.jpg

KING HENRY VIII SENIOR AND PRIMARY SCHOOL LIBRARY OPAC

Topsy and Tim play football / (Record no. 2266)

000 -LEADER
fixed length control field 01213cam a2200289 a 4500
001 - CONTROL NUMBER
control field (Sirsi) a631897
003 - CONTROL NUMBER IDENTIFIER
control field OSt
005 - DATE AND TIME OF LATEST TRANSACTION
control field 20230407142831.0
008 - FIXED-LENGTH DATA ELEMENTS--GENERAL INFORMATION
fixed length control field 100721s2010 enka a 000 1 eng d
020 ## - INTERNATIONAL STANDARD BOOK NUMBER
International Standard Book Number 9781409303350 (pbk.) :
040 ## - CATALOGING SOURCE
Original cataloging agency CHA
Language of cataloging eng
Transcribing agency TAE
Modifying agency KH8
042 ## - AUTHENTICATION CODE
Authentication code nbic
082 0# - DEWEY DECIMAL CLASSIFICATION NUMBER
Classification number 823.914 ADA
100 1# - MAIN ENTRY--PERSONAL NAME
Personal name Adamson, Jean,
Dates associated with a name 1928-
Relator term author
245 10 - TITLE STATEMENT
Title Topsy and Tim play football /
Statement of responsibility, etc. by Jean and Gareth Adamson ; illustrations by Belinda Worsley.
246 30 - VARYING FORM OF TITLE
Title proper/short title Topsy & Tim play football.
260 ## - PUBLICATION, DISTRIBUTION, ETC.
Place of publication, distribution, etc. London :
Name of publisher, distributor, etc. Ladybird,
Date of publication, distribution, etc. [2010]
300 ## - PHYSICAL DESCRIPTION
Extent [32] p. :
Other physical details col. ill. ;
Dimensions 21 cm.
520 ## - SUMMARY, ETC.
Summary, etc. Topsy and Tim join the local football club. Along with their friends, they practice their skills, including dribbling a ball around cones. Then they play a proper game. It's so much fun that Topsy and Tim want to play football every day!
521 1# - TARGET AUDIENCE NOTE
Target audience note 0-5.
650 #0 - SUBJECT ADDED ENTRY--TOPICAL TERM
Topical term or geographic name entry element Topsy (Fictitious character : Adamson)
Form subdivision Pictorial works
-- Juvenile fiction.
650 #0 - SUBJECT ADDED ENTRY--TOPICAL TERM
Topical term or geographic name entry element Tim (Fictitious character : Adamson)
Form subdivision Pictorial works
-- Juvenile fiction.
650 #0 - SUBJECT ADDED ENTRY--TOPICAL TERM
Topical term or geographic name entry element Soccer teams
Form subdivision Pictorial works
-- Juvenile fiction.
700 1# - ADDED ENTRY--PERSONAL NAME
Personal name Adamson, Gareth.
Relator term author
700 1# - ADDED ENTRY--PERSONAL NAME
Personal name Worsley, Belinda.
942 ## - ADDED ENTRY ELEMENTS (KOHA)
Source of classification or shelving scheme
Koha item type Books - Non Ficton
Holdings
Withdrawn status Lost status Source of classification or shelving scheme Damaged status Not for loan Collection code Permanent Location Current Location Shelving location Date acquired Total Checkouts Full call number Barcode Date due Date last seen Date last checked out Price effective from Koha item type
          Non-Fiction KH8 Primary School Library KH8 Primary School Library Non Fiction 2023-04-07 9 823.914 ADA KHPL000004013 2024-10-17 2024-10-08 2024-10-08 2023-04-07 Books - Non Ficton

Powered By KH8 IT Dept